Statistiques concernant Chansons sur les femmes

Cliquez ici pour prendre le quiz!

Statistiques générales

  • Ce quiz a été pris 39 fois
  • Le résultat moyen est 8 sur 15

Statistiques - réponses

ChansonArtiste% Correct
Être une femmeMichel Sardou
89%
La femme chocolatOlivia Ruiz
81%
Femmes, je vous aimeJulien Clerc
75%
Femme Like UK. Maro
69%
Toutes les femmes de ta vieL5
64%
Femme libéréeCookie Dingler
61%
Et un jour une femmeFlorent Pagny
61%
Une femme avec une femmeMecano
50%
Où sont les femmes ?Patrick Juvet
50%
Femme, femme, femmeSerge Lama
44%
Vous les femmesJulio Iglesias
39%
Femme de couleurShy'm
39%
Femme que j'aimeJean-Luc Lahaye
31%
Pour la femme veuve qui s'éveilleDaniel Balavoine
14%
La femme est l'avenir de l'hommeJean-Ferrat
3%

Distribution des résultats

Percentile par nombre de réponses

% des personnes avec chaque résultat

Votre développement - résultats

Vous n’avez pas pris ce quiz